Zwicker, Stefan, 1969-. "Nationale Märtyrer": Albert Leo Schlageter und Julius Fuc̆ík. - Paderborn [u.a.]: Schöningh. - 2006 [Rezension]
| Titel: | Zwicker, Stefan, 1969-. "Nationale Märtyrer": Albert Leo Schlageter und Julius Fuc̆ík. - Paderborn [u.a.]: Schöningh. - 2006 [Rezension] |
|---|---|
| Verfasser: | |
| In: |
Damals, Band 40, Heft 2 (2008), Seite 44 alle Artikel anzeigen |
| Veröffentlicht: | 2008 |
| Format: | Aufsatz |
| Sprache: | Deutsch |
X
alg: 39499069
001A $01999:12-11-16
001B $01999:04-08-21 $t21:01:25.000
001D $01999:12-11-16
001U $0utf8
001X $00
002@ $0Aox
003@ $0394990692
007A $0394990692 $aHEB
007T $0Herdc0062403m
010@ $ager
011@ $a2008
021A $aZwicker, Stefan, 1969-. "Nationale Märtyrer": Albert Leo Schlageter und Julius Fuc̆ík. - Paderborn {[u.a.]: Schöningh. - 2006 [Rezension]
028A $aTalkenberger $dHeike
031A $d40 $e2 $h44 $j2008
039B $aIn $8--Abvc--. Damals. - Leinfelden-Echterdingen : Konradin, 1969-. - ISSN 0011-5908 $x200800000400002956 $9047713682
039T $8--Aau--Zwicker, Stefan$Z1969- [Tp3]. "Nationale Märtyrer": Albert Leo Schlageter und Julius Fuc̆ík. - Paderborn {[u.a.] : Schöningh, 2006. - 369 S.. - Ill.. - ISBN 978-3-506-72936-1 $9176696148
045F $a900.94371 $eDDC23BSB
045F/01 $a900
045F/03 $g4371
045T $a8
lok: 39499069 78
exp: 39499069 78 1 #EPN
201B/01 $026-11-17 $t03:51:51.000
201U/01 $0utf8
203@/01 $0791289303
208@/01 $a12-11-16 $be
209A/01 $a/ $f000 $x00
220C/01 $aTitelaufnehmer: pg
220C/01 $aHerkunft: HI Marburg
244Z/01 $#Tschechien $#Tschechische Republik $#Tschechische Republik $#Tschechenland $#Tschechei Tschechien $#Česká Republika $#Czech Republic $#ČR $74303381-7 $8--Tg1--Tschechien $x01 $9086659812
244Z/01 $2Trx $#Böhmen $#Bohemia $#Czechy $8--Trx--Čechy $x02 $9391188941
244Z/01 $2Trx $#arvustused $#recenzijos $#Reviews $#recenziók $#recenzje $#recenzie $#recenze $8--Trx--Rezensionen $x03 $9391357441
247C/01 $82080>Marburg/Lahn, Herder-Institut, Forschungsbibliothek, Bibliographieportal $9336309341
| LEADER | 00000caa a22000002c 4500 | ||
|---|---|---|---|
| 001 | 394990692 | ||
| 003 | DE-603 | ||
| 005 | 20210804210125.0 | ||
| 007 | tu | ||
| 008 | 161112s2008 xx |||| | u00||u|ger c | ||
| 035 | |a (DE-599)HEB394990692 | ||
| 040 | |a DE-603 |b ger |c DE-603 |d DE-603 | ||
| 041 | |a ger | ||
| 082 | 0 | 4 | |8 1\u |a 900.94371 |q DE-101 |2 23/BSB |
| 084 | |a 8 |2 ssgn | ||
| 085 | |8 1\u |b 900 | ||
| 085 | |8 1\u |z 2 |s 4371 | ||
| 100 | 1 | |a Talkenberger, Heike | |
| 245 | 0 | 0 | |a Zwicker, Stefan, 1969-. "Nationale Märtyrer": Albert Leo Schlageter und Julius Fuc̆ík. - Paderborn [u.a.]: Schöningh. - 2006 [Rezension] |
| 264 | 0 | |c 2008 | |
| 773 | 0 | 8 | |i In |t Damals |d Leinfelden-Echterdingen : Konradin, 1969- |h 28 cm |x 0011-5908 |g Band 40, Heft 2 (2008), Seite 44 |w (DE-603)047713682 |w (DE-600)512126-7 |
| 787 | 0 | 8 | |i Rezension von |a Zwicker, Stefan, 1969- |t "Nationale Märtyrer": Albert Leo Schlageter und Julius Fuc̆ík |d Paderborn [u.a.] : Schöningh, 2006 |h 369 S., Ill. |z 3506729365 |z 9783506729361 |w (DE-603)176696148 |
| 924 | 0 | |9 2080 |a (DE-603)791289303 |b DE-2080 |c HES |d d |g / | |


